เปลี่ยนเป็นภาษาไทย

Change to English
 แสดงรายละเอียดบรรณานุกรม
  กลับหน้าหลัก

Brief Record : Get Marc (ISO 2709) : E-mail record : QR code < ปิดหน้าต่าง
mysqli: Table './ulib62015/stat_globaluid' is marked as crashed and should be repaired
select id from stat_globaluid where statuid='20260517234331_3552' 
mysqli: Table './ulib62015/stat_globaluid' is marked as crashed and should be repaired
DELETE FROM stat_globaluid
			WHERE id NOT IN (
			  SELECT id
			  FROM (
				SELECT id
				FROM stat_globaluid
				ORDER BY id DESC
				LIMIT 100
			  ) foo
			); 
mysqli: Table './ulib62015/stat_globaluid' is marked as crashed and should be repaired
insert into stat_globaluid set
		statuid='20260517234331_3552',
		dt='1779036211',
		phpself='/ULIB62015/dublinfull.php',
		agent='Mozilla/5.0 AppleWebKit/537.36 (KHTML, like Gecko; compatible; ClaudeBot/1.0; +claudebot@anthropic.com)',
		yea='2026',
		mon='5',
		dat='17',
		ip='216.73.216.45'
		
		
mysqli: Table './ulib62015/stathist_viewbib_bib_type' is marked as crashed and should be repaired
insert into stathist_viewbib_bib_type set 
		dat='17' ,
		 mon='05' ,
		  yea='2026' ,
			 statuid='20260517234331_3552' ,
			 head='13399122005' ,
			 foot='marc' ,
			 dt='1779036211' 
		
LEADER : 00000nam 2200000uu 4500
001    13399122005
003     ULIB
008    180103s2559||||th 000 0 tha d
020    ^a9786164131811
060  4 ^aWB365^bก978ว 2559
100 0  ^aไกรสีห์ ลิ้มประเสริฐ
245 00 ^aเวชกรรมไทยประยุกต์ 1 ตอนทฤษฎีธาตุและการวินิจฉัยโรค /^cไกรสีห์ ลิ้มประเสริฐ
250    ^aพิมพ์ครั้งที่ 2
260    ^aนนทบุรี :^bโรงพิมพ์มหาวิทยาลัยสุโขทัยธรรมาธิราช,^c2559.
300    ^a153 หน้า :^bภาพประกอบ ;^c21 ซม.
650  4 ^aเวชกรรมไทย
650  4 ^aการแพทย์แผนไทย^xการวินิจฉัยโรค
650  0 ^aการแพทย์แผนโบราณ
945    ^p250^l0^i025525
945    ^p250^l0^i025526
945    ^p0^l0^i031010
999    ^a57066
รายการนี้ยังไม่มีแท็ก
คุณยังไม่ได้ล็อกอิน คุณสามารถมีกิจกรรมร่วมกับเว็บไซต์ได้ แต่ต้องล็อกอินก่อน ::
  ล็อกอิน
  One Stop Service : ศูนย์ให้บริการแบบเบ็ดเสร็จ   จัดการหนังสือโปรด   แจ้งรายการบรรณานุกรมผิดพลาด
ลำดับที่ ประเภท เลขเรียก/บาร์โค้ด สถานที่ สถานะ
1. หนังสือ
หนังสือ
WB365 ก978ว 2559 ฉ.1 
  Barcode: 025525
หนังสือทั่วไป บนชั้น
  ขอยืม
Note:งบประมาณ2561
2. หนังสือ
หนังสือ
WB365 ก978ว 2559 ฉ.2 
  Barcode: 025526
หนังสือทั่วไป ถูกยืม กำหนดส่งวันที่ 6 กรกฎาคม 2569
  จอง
Note:งบประมาณ2561
3. หนังสือ
หนังสือ
WB365 ก978ว 2559 ฉ.3 
  Barcode: 031010
หนังสือทั่วไป บนชั้น
  ขอยืม
Note:อภินันทนาการโดย อ.ฉัตรดนัย อุประวรรณา

รายการใกล้เคียง
    ผู้แต่ง [ไกรสีห์ ลิ้มประเสริฐ]

    หัวเรื่อง [เวชกรรมไทย]
    หัวเรื่อง [การแพทย์แผนโบราณ]

BibComment


ยังไม่เคยถูกคอมเมนท์

คอมเมนท์ทรัพยากรรายการนี้
  คอมเมนท์: เวชกรรมไทยประยุก..
Bib 13399122005

 
 
 

 Union Library Management : ULibM
Copyright 2026. All Rights Reserved.